ბათუმის შოთა რუსთაველის სახელმწიფო უნივერსიტეტის ბიბლიოთეკა

პრაქტიკული სამართლის სწავლება საქართველოში : (ბიბ.ჩანაწერი № 59428)

000 -ლიდერი
ფიქსირებული სიგრძის საკონტროლო ველი 01418nam a22002057a 4500
003 - საკონტროლო ნომრის იდენტიფიკატორი
საკონტროლო ველი Ge_BSU
005 - ბოლო ოპერაციის თარიღი და დრო
საკონტროლო ველი 20230215135137.0
008 - ფიქსირებული სიგრძის მონაცემთა ელემენტები - ზოგადი ინფორმაცია
ფიქსირებული სიგრძის საკონტროლო ველი 230215s2008 ge ||||| |||| 00| 0 geo d
020 ## - წიგნის საერთაშორისო სტანდარტული ნომერი
International Standard Book Number 9781604422641
041 ## - ენის კოდი
Language code of text/sound track or separate title geo
080 ## - უნივერსალური ათობითი კლასიფიკაციის ინდექსი
Universal Decimal Classification number 34(479.22)(072) პ-73
245 ## - ცნობა სათაურის შესახებ
Title პრაქტიკული სამართლის სწავლება საქართველოში :
Remainder of title სახელმძღვ. ტრენერებისათვის /
Statement of responsibility, etc ამერიკის იურისტთა ასოციაცია კანონის უზენაესობის ინიციატივა (ABA/ROL Initiative) ; [სახელმძღვ. მოამზადა მედეა მათიაშვილმა ; ნაშრომზე ასევე მუშაობდა ნინო ხურციძე].
264 ## - წარმოების, გამოცემის, დისტრიბუციის და სხვა ცნობები
გამოცემის, წარმოების, დისტრიბუციის... ადგილი [თბილისი] :
გამოცემის, წარმოების, დისტრიბუციის... სახელწოდება USAID,
გამოცემის, წარმოების, დისტრიბუციის... თარიღი [2008].
300 ## - ფიზიკური აღწერა
Extent 133 გვ. ;
Other physical details 25 სმ.
653 ## - INDEX TERM--UNCONTROLLED
Uncontrolled term პრაქტიკული სამართალი
700 ## - ADDED ENTRY--PERSONAL NAME
Personal name მათიაშვილი, მედეა
Relator term ავტორი
9 (RLIN) 742
700 ## - ADDED ENTRY--PERSONAL NAME
Personal name ხურციძე, ნინო
Relator term ავტორი
9 (RLIN) 741
710 ## - ADDED ENTRY--CORPORATE NAME
Corporate name or jurisdiction name as entry element ამერიკის იურისტთა ასოციაცია კანონის უზენაესობის ინიციატივა
9 (RLIN) 16917
942 ## - ADDED ENTRY ELEMENTS (KOHA)
Source of classification or shelving scheme
Koha item type წიგნი
ეგზემპლარები
ჩამოწერის სტატუსი დაკარგული ეგზემპლარის სტატუსი კლასიფიკაციის წყარო ან თაროზე გაწყობის სქემა დაზიანების სტატუსი არ გაიცემა მუდმივი მდებარეობა (დაცვის ადგილი) ამჟამინდელი ადგილსამყოფელი თაროზე განთავსების ადგილი შეძენის თარიღი ღირებულება, შესყიდვის ნორმალური ფასი სრული შენახვის შიფრი შტრიხკოდი ბოლო ოპერაციის თარიღი ეგზემპლარის მიმდევრობითი ნომერი (კეტერი?) ფასის ძალაში შესვლის თარიღი ეგზემპლარის სახეობა საჯარო შენიშვნა
          ბათუმის შოთა რუსთაველის სახელმწიფო უნივერსიტეტის მთავარი ბიბლიოთეკა ბათუმის შოთა რუსთაველის სახელმწიფო უნივერსიტეტის მთავარი ბიბლიოთეკა წიგნსაცავი 2023-02-15 5.00 34(479.22)(072) პ-73 63787 2023-02-15 63787 2023-02-15 წიგნი 5 ლ.
          ბათუმის შოთა რუსთაველის სახელმწიფო უნივერსიტეტის მთავარი ბიბლიოთეკა ბათუმის შოთა რუსთაველის სახელმწიფო უნივერსიტეტის მთავარი ბიბლიოთეკა წიგნსაცავი 2023-02-15 5.00 34(479.22)(072) პ-73 63788 2023-02-15 63788 2023-02-15 წიგნი 5 ლ.
          ბათუმის შოთა რუსთაველის სახელმწიფო უნივერსიტეტის მთავარი ბიბლიოთეკა ბათუმის შოთა რუსთაველის სახელმწიფო უნივერსიტეტის მთავარი ბიბლიოთეკა წიგნსაცავი 2023-02-16 5.00 34(479.22)(072) პ-73 63824 2023-02-16 63824 2023-02-16 წიგნი 5.00
          ბათუმის შოთა რუსთაველის სახელმწიფო უნივერსიტეტის მთავარი ბიბლიოთეკა ბათუმის შოთა რუსთაველის სახელმწიფო უნივერსიტეტის მთავარი ბიბლიოთეკა წიგნსაცავი 2023-02-16 5.00 34(479.22)(072) პ-73 63825 2023-02-16 63825 2023-02-16 წიგნი 5.00